| 000 | 00373nam a22001337a 4500 | ||
|---|---|---|---|
| 003 | SGT | ||
| 020 | _a9780323376136 | ||
| 100 | _aAlex M. Greenberg | ||
| 245 | _aDental Implants: An Evolving Discipline | ||
| 260 |
_aPhiladelphia, United States _bElsevier - Health Sciences Division _c2015 |
||
| 300 | _a175-343 | ||
| 650 | _aOral and Maxillofacial Surgery | ||
| 942 |
_2ddc _cBK |
||
| 999 |
_c18330 _d18330 |
||